Multimediálna virtuálna zdravotná dokumentácia pacienta

Na minha lista:
Detalhes bibliográficos
Autor principal: Vincze, Robert (Author)
Outros Autores: Filanová, Jana, 1967- (Thesis advisor)
Formato: Manuscrito Livro
Idioma:eslovaco
Publicado em: Bratislava : STU v Bratislave FEI, 2004
Assuntos:
Tags: Adicionar Tag
Sem tags, seja o primeiro a adicionar uma tag!

MARC

LEADER 00000ntm a22000003a 4500
001 stu89104
005 20160719164708.0
008 040720s2004------------------------slo-d
040 |a STU  |b slo 
041 0 |a slo 
100 1 |a Vincze, Robert  |4 aut 
245 1 |a Multimediálna virtuálna zdravotná dokumentácia pacienta 
260 |a Bratislava :  |b STU v Bratislave FEI,  |c 2004 
300 |a 79 s 
650 7 |a Telekomunikácie  |2 stusub 
700 1 |a Filanová, Jana,  |d 1967-  |4 ths  |u E240  |U FEI Fakulta elektrotechniky a informatiky  |T FEI Katedra telekomunikácií  |X 1839  |U E240  |Y 72  |7 A000001839